Systém zdravotníctva a jeho financovanie na Slovensku

Saved in:
Bibliographic Details
Main Author: Škrovánková, Petra, 1981-
Format: Book Chapter
Language:Slovak
Tags: Add Tag
No Tags, Be the first to tag this record!

MARC

LEADER 00000nla$a2200000$$$4500
001 0115669
005 20240502072304.7
041 0 |a slo 
044 |a SK 
245 1 0 |a Systém zdravotníctva a jeho financovanie na Slovensku  |c Petra Škrovánková 
500 |a Abstrakty 
100 1 |a Škrovánková, Petra, 1981-